[Event "Brambles Administration Ltd. Hampstead M"]
[Site "London, England"]
[Date "2014.12.20"]
[Round "6"]
[White "Lalic, Bogdan"]
[Black "Fier, Alexandr"]
[Result "1/2-1/2"]
[WhiteElo "2479"]
[BlackElo "2592"]

1. Nf3 Nf6 2. c4 g6 3. Nc3 Bg7 4. e4 O-O 5. d4 d6 6. Be2 Nbd7 7. O-O e5 8. Be3
c6 9. Qc2 Qe7 10. Rad1 h6 11. h3 exd4 12. Bxd4 Nc5 13. Rfe1 Ne6 14. Be3 Nc5
15. Bd4 Ne6 16. Be3 Nc5 17. Bd4 {#d} 1/2-1/2

[Event "Brambles Administration Ltd. Hampstead M"]
[Site "London, England"]
[Date "2014.12.20"]
[Round "6"]
[White "Ledger, Dave J"]
[Black "Fodor, Tamas Jr"]
[Result "0-1"]
[WhiteElo "2252"]
[BlackElo "2499"]

1. e4 e5 2. Nf3 Nc6 3. Bc4 Bc5 4. c3 Nf6 5. d3 d6 6. O-O a6 7. Bb3 Ba7 8. Be3
O-O 9. Nbd2 Ne7 10. Bxa7 Rxa7 11. Nh4 g5 12. Nhf3 h6 13. a4 Ng6 14. d4 Qe7 15.
Re1 g4 16. dxe5 dxe5 17. Nd4 exd4 18. e5 Ne8 19. cxd4 c6 20. e6 f5 21. h3 gxh3
22. Qh5 Kh7 23. Nf3 hxg2 24. Re3 Ng7 25. Qh2 b6 26. Kxg2 Nh5 27. Ne5 Ngf4+ 28.
Kf1 Bxe6 29. Nxc6 Qc7 30. Bxe6 Qxc6 31. d5 Qc4+ 32. Kg1 Rg7+ 33. Kh1 Nxe6 {#R}
0-1

[Event "Brambles Administration Ltd. Hampstead M"]
[Site "London, England"]
[Date "2014.12.20"]
[Round "6"]
[White "Sowray, Peter J"]
[Black "Richardson, John R"]
[Result "1/2-1/2"]
[WhiteElo "2365"]
[BlackElo "2338"]

1. d4 Nf6 2. c4 e6 3. Nc3 Bb4 4. e3 O-O 5. Nge2 Re8 6. a3 Bf8 7. Ng3 d5 8. Be2
dxc4 9. O-O c5 10. dxc5 Bxc5 11. Bxc4 a6 12. b4 Be7 13. Bb2 b5 14. Bb3 Bb7 15.
Qe2 Nbd7 16. Rfd1 Qb6 17. Nce4 Rad8 18. Bd4 Qc7 19. Rac1 Qb8 20. Ng5 Bd6 21.
Qb2 Be5 22. Nf3 Bxf3 23. gxf3 Bxd4 24. Qxd4 Nf8 25. Qc5 Rc8 26. Qd4 Rcd8 27.
Qc5 Rc8 28. Qd4 Rcd8 {#d} 1/2-1/2

[Event "Brambles Administration Ltd. Hampstead M"]
[Site "London, England"]
[Date "2014.12.20"]
[Round "6"]
[White "Maisuradze, Nino"]
[Black "Willmoth, Robert F"]
[Result "1-0"]
[WhiteElo "2323"]
[BlackElo "2182"]

1. d4 d6 2. Nf3 Bg4 3. g3 Bxf3 4. exf3 d5 5. Bg2 g6 6. O-O Bg7 7. Re1 e6 8. c3
c6 9. Na3 Ne7 10. Bg5 h6 11. Bf4 O-O 12. Qd2 Kh7 13. Be5 Bxe5 14. Rxe5 Nd7 15.
Re2 c5 16. f4 Qb6 17. dxc5 Qxc5 18. Nc2 Nc6 19. g4 Nb6 20. b3 Rac8 21. Re3 Qd6
22. Rh3 f5 23. g5 Kg7 24. gxh6+ Kh7 25. Re1 Rf7 26. Re2 Re7 27. Nd4 Nxd4 28.
Qxd4 Qc5 29. Rxe6 Rf7 30. Qe5 Qc7 31. Rg3 Qxe5 32. fxe5 f4 33. Rgxg6 f3 34.
Bf1 Rxc3 35. Ref6 Rfc7 36. e6 Rc1 37. Rg7+ Rxg7+ 38. hxg7 Kxg7 39. Rxf3 d4 40.
Kg2 Nd5 41. Rf7+ Kg6 42. Bd3+ Kg5 43. Rf5+ {#r} 1-0

[Event "Brambles Administration Ltd. Hampstead M"]
[Site "London, England"]
[Date "2014.12.20"]
[Round "6"]
[White "Bai, Jinshi"]
[Black "Eggleston, David J"]
[Result "1-0"]
[WhiteElo "2444"]
[BlackElo "2416"]

1. d4 Nf6 2. c4 e6 3. g3 d5 4. Nf3 Be7 5. Bg2 O-O 6. Qc2 dxc4 7. Qxc4 a6 8.
Bf4 Nd5 9. Nc3 b5 10. Qd3 Bb7 11. Nxd5 Bxd5 12. e4 Bc4 13. Qc3 Nc6 14. a3 f5
15. Nd2 fxe4 16. Nxc4 bxc4 17. Bxe4 Nxd4 18. Qxc4 Ra7 19. Be3 c5 20. O-O Qb6
21. b4 Qb5 22. Rac1 Ne2+ 23. Kg2 Nxc1 24. Qxe6+ Kh8 25. Rxc1 Rc7 26. Qe5 Rd7
27. bxc5 Bf6 28. Qf5 g6 29. Qe6 Re7 30. Qc4 Qb8 31. c6 Rfe8 32. Bf3 Be5 33.
Qxa6 Qb2 34. Qc4 Qxa3 35. Bc5 Qa5 36. Bxe7 Rxe7 37. Rb1 Kg7 38. Rb5 Qa7 39.
Rxe5 Rxe5 40. c7 {#r} 1-0

[Event "Brambles Administration Ltd. Hampstead M"]
[Site "London, England"]
[Date "2014.12.20"]
[Round "6"]
[White "Vakhidov, Jahongir"]
[Black "Merry, Alan"]
[Result "1-0"]
[WhiteElo "2502"]
[BlackElo "2347"]

1. Nf3 d5 2. g3 c5 3. Bg2 Nc6 4. d4 Nf6 5. O-O e6 6. c4 dxc4 7. dxc5 Qxd1 8.
Rxd1 Bxc5 9. Nbd2 c3 10. bxc3 O-O 11. Nb3 Be7 12. c4 Bd7 13. Bb2 Rfd8 14. Nfd4
Rac8 15. Nb5 Be8 16. c5 Nb4 17. Nd6 Bxd6 18. cxd6 Bc6 19. Rac1 Nxa2 20. Bxf6
gxf6 21. Rc4 Bxg2 22. Rxc8 Rxc8 23. Kxg2 b6 24. Ra1 Nb4 25. Rxa7 Rd8 26. d7 e5
27. Rb7 Nd5 28. e4 Nc3 29. Rc7 Kf8 30. Rxc3 Rxd7 31. Rc6 Rd1 32. Rxf6 Ke7 33.
Rxb6 Rb1 34. Rb7+ Kd6 35. Na5 {#r} 1-0

[Event "Brambles Administration Ltd. Hampstead M"]
[Site "London, England"]
[Date "2014.12.20"]
[Round "6"]
[White "Wallace, John Paul"]
[Black "Kirk, Ezra"]
[Result "0-1"]
[WhiteElo "2404"]
[BlackElo "2308"]

1. e4 c5 2. Nf3 Nc6 3. d4 cxd4 4. Nxd4 g6 5. Nc3 Bg7 6. Be3 Nf6 7. Bc4 Qa5 8.
O-O O-O 9. Bb3 d6 10. Nd5 Re8 11. Bd2 Qd8 12. Nxf6+ Bxf6 13. Bc3 Nxd4 14. Bxd4
Bxd4 15. Qxd4 Qb6 16. Qxb6 axb6 17. Rad1 Be6 18. Bxe6 fxe6 19. a3 e5 20. Rd3
Rec8 21. Rc1 Kf7 22. f3 Rc5 23. Rb3 b5 24. c3 Ke6 25. Kf2 Kd7 26. Kg3 e6 27.
Rd1 Kc6 28. Kg4 h6 29. h4 Rf8 30. Rd3 Rc4 31. g3 d5 32. Rb4 Rc8 33. f4 Rxb4
34. exd5+ exd5 35. axb4 e4 36. Rd2 Kd6 37. h5 Rg8 38. hxg6 Rxg6+ 39. Kf5 Re6
40. g4 e3 41. Rd1 e2 42. Re1 d4 43. cxd4 Kd5 44. g5 hxg5 45. fxg5 Re8 46. Kf6
Kxd4 47. Kf7 Re3 48. g6 Kd3 49. g7 Rf3+ 50. Ke7 Rg3 51. Kf7 Kd2 52. Ra1 e1=Q
53. Rxe1 Kxe1 54. g8=Q Rxg8 55. Kxg8 Kd2 56. Kf7 Kc2 57. Ke6 Kxb2 58. Kd5 Kb3
{#R} 0-1

[Event "Brambles Administration Ltd. Hampstead M"]
[Site "London, England"]
[Date "2014.12.18"]
[Round "4"]
[White "Fodor, Tamas Jr"]
[Black "Fier, Alexandr"]
[Result "1/2-1/2"]
[WhiteElo "2499"]
[BlackElo "2592"]

1.d4 Nf6 2.c4 g6 3.Nc3 d5 4.cxd5 Nxd5 5.e4 Nxc3 6.bxc3 Bg7 7.Bb5+ c6 8.Ba4 O-O
9.Ne2 c5 10.O-O Nc6 11.Be3 Na5 12.Bb3 Qc7 13.dxc5 b6 14.Bd5 Bb7 15.cxb6 axb6
16.Bxb7 Qxb7 17.Qd5 Qa6 18.Nd4 Nc4 19.Qb5 Nxe3 20.Qxa6 Rxa6 21.fxe3 Rc8
22.Rfc1 Rc4 23.Kf2 e5 24.Nb5 Rxe4 25.Rd1 Rea4 26.a3 Bf8 27.Rd5 Bxa3 28.Rxe5
Bc5 29.Rxa4 Rxa4 30.Kf3 Kg7 31.Rd5 h5 32.Rd7 g5 33.Nd6 g4+ 34.Kg3 Kf6 35.Nxf7
Re4 36.Kh4 Be7 37.Nd6 Kg6+ 38.Kg3 Rxe3+ 39.Kf2 Re6 40.Nb5 Bh4+ 41.g3 Bg5
42.Nd4 Be3+ 43.Kg2 Rf6 44.h4 Rf2+ 45.Kh1 Bd2 46.Nb5 Bh6 47.Nd4 Bg7 48.Rd6+ Rf6
49.Rd5 Bh6 50.Kg2 Be3 51.Kh1 Rf1+ 52.Kg2 Rf2+ 53.Kh1 Rb2 54.Rd6+ Kf7 55.Rd5
Bd2 56.c4 Be3 57.Nc6 Rb1+ 58.Kh2 Kg6 59.Ne7+ Kf6 60.Nc8 Kg6 61.Ne7+ Kf7 62.Nc6
Rb2+ 63.Kh1 Bf2 64.Rxh5 Bxg3 65.Ne5+ Bxe5 66.Rxe5 g3 67.Rb5 {#d} 1/2-1/2

[Event "Brambles Administration Ltd. Hampstead M"]
[Site "London, England"]
[Date "2014.12.21"]
[Round "7"]
[White "Vakhidov, Jahongir"]
[Black "Bai, Jinshi"]
[Result "0-1"]
[WhiteElo "2502"]
[BlackElo "2444"]

1. d4 d5 2. c4 c6 3. Nf3 Nf6 4. cxd5 cxd5 5. Nc3 Nc6 6. Bf4 e6 7. e3 Bd6 8.
Bg5 Qb6 9. Qc2 Ne4 10. Nxe4 dxe4 11. Nd2 f5 12. Be2 O-O 13. O-O Qc7 14. g3
Nxd4 15. Qd1 Nxe2+ 16. Qxe2 Bd7 17. Rac1 Bc6 18. Nc4 h6 19. Rfd1 Bxg3 20. hxg3
hxg5 21. Qh5 Bd5 22. Qxg5 Rac8 23. Kg2 b5 24. Na3 Qxc1 25. Rxc1 Rxc1 26. Qe7
Rf6 27. g4 fxg4 28. Qe8+ Kh7 29. Qxb5 Rh6 30. Qe8 Bc6 31. Qf7 Rhh1 32. Kg3
Rcg1+ 33. Kf4 g3 34. Ke5 g2 35. Qxe6 Rh5+ {#R} 0-1

[Event "Brambles Administration Ltd. Hampstead M"]
[Site "London, England"]
[Date "2014.12.21"]
[Round "7"]
[White "Kirk, Ezra"]
[Black "Richardson, John R"]
[Result "1/2-1/2"]
[WhiteElo "2308"]
[BlackElo "2338"]

1. d4 Nf6 2. c4 e6 3. Nc3 Bb4 4. e3 c5 5. Bd3 d5 6. Nf3 Nc6 7. O-O O-O 8. a3
Bxc3 9. bxc3 Na5 10. cxd5 exd5 11. dxc5 Bg4 12. Qc2 Bxf3 13. gxf3 Qc8 14. Qa4
Qxc5 15. Rb1 b6 16. Qf4 Qxc3 17. Rd1 Nc4 18. Bxc4 Qxc4 19. Qf5 Qc8 20. Qd3 Qh3
21. Qe2 Rfe8 22. Bb2 Re6 23. Kh1 Nh5 24. Rg1 Nf4 25. Rxg7+ Kf8 26. Qc2 Qxf3+
27. Kg1 Nh3+ 28. Kf1 Rxe3 29. Rg2 f6 30. Bxf6 Rae8 31. Bg7+ Kf7 32. Bd4 R3e7
33. Qxh7+ Ke6 34. Qc2 Kd7 35. Rc1 Re1+ 36. Rxe1 Rxe1+ 37. Kxe1 Qxg2 38. Qf5+
Kc6 39. Kd2 Ng5 40. Qc8+ Kd6 41. Qb8+ Kc6 42. Qc8+ Kd6 43. Qb8+ Kc6 44. Qe8+
Kb7 45. Qd7+ Ka6 46. Qa4+ Kb7 47. Qd7+ Ka6 48. Kc3 Qf3+ 49. Kb4 Qf8+ 50. Ka4
Qg8 51. Qb5+ Kb7 52. Qd7+ Ka6 53. h4 Nf3 54. Qb5+ Kb7 55. Qd7+ Ka6 56. Qb5+
Kb7 {#d} 1/2-1/2

[Event "Brambles Administration Ltd. Hampstead M"]
[Site "London, England"]
[Date "2014.12.21"]
[Round "7"]
[White "Willmoth, Robert F"]
[Black "Ledger, Dave J"]
[Result "0-1"]
[WhiteElo "2182"]
[BlackElo "2252"]

1. Nf3 Nf6 2. b3 d6 3. d4 Bg4 4. Bb2 Bxf3 5. gxf3 d5 6. Bg2 e6 7. Nd2 c5 8. e3
cxd4 9. Bxd4 Nc6 10. Bb2 d4 11. O-O Bc5 12. Re1 O-O 13. a3 dxe3 14. fxe3 Nd5
15. Nf1 Qg5 16. Qd2 h5 17. Kh1 Rad8 18. Qe2 h4 19. f4 Qg6 20. b4 Bb6 21. c4
Nxf4 22. exf4 h3 23. c5 hxg2+ 24. Qxg2 Qxg2+ 25. Kxg2 Bc7 26. Re4 Rd3 27. Rae1
Ne7 28. R1e2 Nd5 29. Rf2 Rb3 30. Bc1 g6 31. Rf3 Rb1 32. Rc4 Rd8 33. Rc2 a5 34.
bxa5 Ra8 35. Kf2 Rxa5 36. h4 Rxc5 37. Rxc5 Bb6 38. Bd2 Bxc5+ 39. Ke2 Ra1 40.
h5 gxh5 41. Rh3 Ra2 42. Kd1 Bd6 43. f5 Rxa3 44. Rxh5 Rf3 45. Rg5+ Kf8 46. fxe6
fxe6 47. Ke2 Rf5 48. Rg6 Bf4 49. Ng3 Bxg3 50. Rxg3 b6 51. Kd3 Ke7 52. Rg8 Kd6
53. Bc1 Rf3+ 54. Ke2 Rc3 55. Bh6 Kc5 56. Re8 Kd6 57. Rd8+ Kc7 58. Re8 Rc6 59.
Bg7 Kd7 60. Rb8 Rc8 61. Rb7+ Kc6 62. Ra7 Rc7 63. Rxc7+ Nxc7 64. Kd3 Kd5 65.
Bf6 Na6 66. Be7 Nb8 67. Bf8 b5 68. Be7 e5 69. Bf8 Nc6 70. Ke3 Kc4 71. Ba3 b4
72. Bc1 b3 73. Bb2 Kd5 74. Kd3 Na5 75. Bc1 Nc4 76. Bg5 b2 77. Kc2 Ke4 78. Bf6
Kf4 {#R} 0-1

[Event "Brambles Administration Ltd. Hampstead M"]
[Site "London, England"]
[Date "2014.12.21"]
[Round "7"]
[White "Sowray, Peter J"]
[Black "Wallace, John Paul"]
[Result "1/2-1/2"]
[WhiteElo "2365"]
[BlackElo "2404"]

1. d4 Nf6 2. c4 g6 3. Nc3 Bg7 4. e4 d6 5. f3 O-O 6. Be3 Nc6 7. Nge2 a6 8. Qd2
Rb8 9. Rc1 Bd7 10. b3 e6 11. Ng3 e5 12. d5 Nd4 13. Nge2 Nxe2 14. Bxe2 Nh5 15.
O-O f5 16. c5 Kh8 17. b4 Nf4 18. Kh1 g5 19. a4 fxe4 20. fxe4 g4 21. b5 axb5
22. axb5 dxc5 23. Bxc5 Rf6 24. g3 Nxe2 25. Qxe2 Rxf1+ 26. Rxf1 Qe8 27. Rf2 Ra8
28. Bb4 Qg6 29. Qf1 Kg8 30. Qc4 Ra1+ 31. Rf1 Rxf1+ 32. Qxf1 Qb6 33. Qc4 Kh8
34. Kg2 h6 35. Qc5 Qf6 36. Qf2 Qg5 37. Bf8 Bf6 38. Bc5 Be8 39. Be3 Qg7 40. Qf5
Bd7 41. Qf2 Kh7 42. Qa2 Be7 43. Qc4 Qf7 44. Qe2 Bb4 45. Bd2 Bc5 46. Be3 Bd4
47. Bxd4 exd4 48. Nb1 Qe7 49. Nd2 Qb4 50. e5 Bf5 51. e6 d3 52. Qf2 Kg6 53. Qe3
Qxb5 54. e7 Kf7 55. Qe5 Bg6 56. Qe6+ Kg7 57. Qe5+ Kh7 58. Ne4 Be8 59. Nf6+ Kg6
60. Nxe8 Qxe8 61. Kf2 d2 62. Qe6+ Kg7 63. Qxg4+ Kf7 64. Qe6+ Kg7 65. Ke2 Qh5+
66. g4 Qxh2+ 67. Kd1 Qg1+ 68. Kxd2 Qf2+ 69. Kd1 Qf1+ 70. Kd2 Qf2+ 71. Kd1 Qf1+
{#d} 1/2-1/2

[Event "Brambles Administration Ltd. Hampstead M"]
[Site "London, England"]
[Date "2014.12.21"]
[Round "7"]
[White "Merry, Alan"]
[Black "Maisuradze, Nino"]
[Result "0-1"]
[WhiteElo "2347"]
[BlackElo "2323"]

1. d4 Nf6 2. c4 e6 3. Nc3 d5 4. Nf3 Be7 5. cxd5 exd5 6. Bg5 c6 7. e3 Bf5 8.
Bd3 Bxd3 9. Qxd3 Nbd7 10. O-O O-O 11. Rab1 a5 12. a3 Ne4 13. Bxe7 Qxe7 14. Nd2
f5 15. f3 Nxc3 16. bxc3 b5 17. a4 bxa4 18. Ra1 c5 19. Rxa4 Nb6 20. Raa1 c4 21.
Qe2 a4 22. Rfb1 Rf6 23. e4 a3 24. e5 Rc6 25. Qd1 Qg5 26. Nf1 Rg6 27. Qd2 f4
28. Ra2 Nc8 29. Rba1 Ne7 30. Rxa3 Rxa3 31. Rxa3 h5 32. Ra2 Nf5 33. Qf2 Nh4 34.
Kh1 Kf7 35. g3 Nf5 36. Qd2 fxg3 37. Qxg5 Rxg5 38. f4 Rg4 39. Ra7+ Ke6 40. Ra6+
Ke7 41. Nxg3 Nxg3+ 42. hxg3 Rxg3 43. f5 Rxc3 44. Ra7+ Kf8 45. e6 Rf3 46. Rf7+
Ke8 47. Kg2 Rf4 48. Kg3 Rxd4 49. Rc7 Re4 50. Kf3 c3 51. Rxc3 Ke7 52. Rc7+ Kf6
53. Rf7+ Kg5 54. Rd7 Re5 55. e7 Kf6 56. Kg3 Rxe7 57. Rxd5 Re5 58. Rd8 Rxf5 59.
Rf8+ Kg5 60. Rg8 g6 61. Ra8 Rc5 62. Ra3 h4+ 63. Kh3 Kh5 64. Ra8 Rc3+ 65. Kg2
g5 66. Ra4 Rc2+ 67. Kf3 g4+ 68. Kf4 Rf2+ 69. Ke3 g3 70. Rb4 h3 71. Rb5+ Kg4
72. Rb4+ Kg5 73. Rb5+ Rf5 74. Rb8 h2 75. Rh8 Kg4 76. Ke2 g2 {#R} 0-1

[Event "Brambles Administration Ltd. Hampstead "]
[Site "?"]
[Date "2014.12.22"]
[Round "8"]
[White "Wallace, John-Paul"]
[Black "Merry, Alan"]
[Result "1-0"]
[WhiteElo "2404"]
[BlackElo "2347"]

1. d4 Nf6 2. c4 c5 3. d5 d6 4. Nc3 h6 5. e4 g5 6. h4 g4 7. h5 Bg7 8. Nge2 Nbd7
9. Ng3 Ne5 10. Be2 Bd7 11. Qc2 Qa5 12. Bd2 Nh7 13. f4 gxf3 14. gxf3 Qc7 15. f4
Ng4 16. e5 dxe5 17. Nf5 Bxf5 18. Qxf5 Nhf6 19. Rg1 e6 20. dxe6 fxe6 21. Qg6+
Kf8 22. fxe5 Ne8 23. Rf1+ {#r} 1-0

[Event "Brambles Administration Ltd. Hampstead "]
[Site "?"]
[Date "2014.12.22"]
[Round "8"]
[White "Bai, Jinshi"]
[Black "Lalic, Bogdan"]
[Result "1/2-1/2"]
[WhiteElo "2444"]
[BlackElo "2479"]

1. d4 Nf6 2. c4 e6 3. g3 d5 4. Bg2 Bb4+ 5. Bd2 Bd6 6. Nf3 O-O 7. O-O c6 8. Nc3
Nbd7 9. Qb3 Qe7 10. Rfe1 dxc4 11. Qxc4 e5 12. e4 Rd8 13. Rad1 exd4 14. Nxd4
Ne5 15. Qe2 Bc5 16. Be3 Nfg4 17. Nf5 Bxf5 18. Bxc5 Qxc5 19. exf5 Rxd1 20. Nxd1
{#d} 1/2-1/2

[Event "Brambles Administration Ltd. Hampstead "]
[Site "?"]
[Date "2014.12.22"]
[Round "8"]
[White "Maisuradze, Nino"]
[Black "Fier, Alexandr"]
[Result "0-1"]
[WhiteElo "2323"]
[BlackElo "2592"]

1. d4 Nf6 2. c4 e6 3. Nc3 Bb4 4. e3 b6 5. Nge2 Ba6 6. a3 Be7 7. Ng3 h5 8. h3
h4 9. Nge4 Nxe4 10. Nxe4 d5 11. Nd2 O-O 12. Be2 c5 13. dxc5 bxc5 14. cxd5 Bxe2
15. Qxe2 exd5 16. O-O Nc6 17. Rb1 Qd6 18. Rd1 Qg6 19. b3 Rfe8 20. Bb2 Rab8 21.
Qg4 Qxg4 22. hxg4 Red8 23. Ba1 Rb6 24. Nf3 Rdb8 25. Ne5 Nxe5 26. Bxe5 R8b7 27.
Rxd5 f6 28. Bf4 g5 29. Bh2 Kf7 30. f4 Rxb3 31. Rxb3 Rxb3 32. fxg5 fxg5 33. Bd6
Ke6 {#R} 0-1

[Event "Brambles Administration Ltd. Hampstead "]
[Site "?"]
[Date "2014.12.22"]
[Round "8"]
[White "Eggleston, David J"]
[Black "Sowray, Peter J"]
[Result "1-0"]
[WhiteElo "2416"]
[BlackElo "2365"]

1. e4 d6 2. d4 Nf6 3. Nc3 g6 4. Be3 Bg7 5. f3 O-O 6. Qd2 e5 7. Nge2 exd4 8.
Nxd4 d5 9. e5 Ne8 10. Bg5 Qd7 11. Bh6 Bxh6 12. Qxh6 Nc6 13. Nxc6 bxc6 14.
O-O-O Qe7 15. f4 Rb8 16. a3 Ng7 17. Bd3 Bg4 18. Rde1 Qc5 19. Qh4 Be6 20. Nd1
Qd4 21. Qf2 c5 22. h3 Qxf2 23. Nxf2 Nh5 24. f5 gxf5 25. g4 Ng7 26. gxf5 Bxf5
27. Ng4 Kh8 28. Bxf5 Nxf5 29. Nf6 Rfd8 30. Rhg1 Ne7 31. Rg5 Ng8 32. Ng4 Rb6
33. Rf1 Rf8 34. Rgf5 Kg7 35. Nf6 Nxf6 36. exf6+ Kg6 37. Rxd5 Rfb8 38. b3 c4
39. b4 Rxf6 40. Rg1+ Kh6 41. Rc5 Rf3 42. Rxc4 Rxh3 43. a4 Rb6 44. a5 Rb5 45.
Rc6+ Kh5 46. c3 Rh2 47. Rg7 h6 48. Rxf7 Rg5 49. Rc5 Kh4 50. Rxg5 hxg5 51. Rh7+
Kg3 52. Rxc7 a6 53. c4 g4 54. b5 axb5 55. cxb5 Ra2 56. a6 Kf2 57. Rc2+ {#r}
1-0

[Event "Brambles Administration Ltd. Hampstead "]
[Site "?"]
[Date "2014.12.22"]
[Round "8"]
[White "Richardson, John R"]
[Black "Ledger, Dave J"]
[Result "1-0"]
[WhiteElo "2338"]
[BlackElo "2252"]

1. d4 Nf6 2. c4 g6 3. g3 Bg7 4. Bg2 d6 5. Nc3 O-O 6. Nf3 Nc6 7. O-O Rb8 8. h3
a6 9. e4 b5 10. cxb5 axb5 11. Re1 Bd7 12. e5 Ne8 13. Bf4 b4 14. Ne4 Rb5 15.
Rc1 Rd5 16. Qb3 e6 17. Red1 Qb8 18. Qe3 Qb6 19. Bh6 dxe5 20. Bxg7 Kxg7 21.
dxe5 Qxe3 22. fxe3 Ne7 23. Nc5 Bc8 24. e4 Rxd1+ 25. Rxd1 Nc6 26. Nd7 Rh8 27.
Bf1 f6 28. exf6+ Nxf6 29. Nxf6 Kxf6 30. Rc1 Bb7 31. Rc5 Ke7 32. e5 Rc8 33. Kf2
Nd8 34. Bc4 Nf7 35. Nd4 Nd8 36. Nc2 Be4 37. Ba6 Nb7 38. Rc4 Bd3 39. Rc6 Na5
40. Rxe6+ Kxe6 41. Bxc8+ Kxe5 42. Nxb4 Bb1 43. Ke2 Kd4 44. Kd2 c5 45. Nc2+ Ke4
46. a3 Bxc2 47. Kxc2 Kd4 48. b4 cxb4 49. axb4 Nc4 50. Kb3 Nb6 51. Be6 g5 52.
Bf7 h6 53. Bh5 Nd5 54. Ka4 Nf6 55. Bf3 h5 56. b5 g4 57. hxg4 hxg4 58. Bd1 Ke3
59. Ka5 Kd4 60. b6 Kc5 61. b7 {#r} 1-0

[Event "Brambles Administration Ltd. Hampstead "]
[Site "?"]
[Date "2014.12.22"]
[Round "8"]
[White "Kirk, Ezra"]
[Black "Fodor, Tamas Jr"]
[Result "1/2-1/2"]
[WhiteElo "2308"]
[BlackElo "2499"]

1. d4 e6 2. c4 b6 3. Nc3 Bb7 4. a3 f5 5. d5 Nf6 6. g3 Bd6 7. Bg2 O-O 8. Nf3
Na6 9. O-O Nc5 10. Nd4 Be5 11. Rb1 exd5 12. cxd5 Nce4 13. Nxf5 Bxc3 14. Qd3
Be5 15. Bxe4 Nxe4 16. Qxe4 Qf6 17. Ne3 Rae8 18. Qd3 Bd4 19. Bd2 Bxb2 20. Rxb2
Qxb2 21. Bc3 Qxa3 22. Ra1 Qc5 23. Rxa7 Rxe3 24. fxe3 Bxd5 25. Ra4 Bc6 26. Rh4
Qf5 27. Rf4 Qd5 28. e4 Qc5+ 29. e3 Re8 30. h4 Re6 31. Kh2 Bb5 32. Qd2 Qc4 33.
Qf2 Re8 34. Bxg7 Qe2 35. Qxe2 Bxe2 36. Bc3 c5 37. Kg2 h5 38. Kf2 Bg4 39. Rf6
b5 40. Rg6+ Kf7 41. Rf6+ Ke7 42. Rb6 Rf8+ 43. Ke1 Rf3 44. Rxb5 d6 45. e5 Rxe3+
46. Kd2 Rxg3 47. exd6+ Kxd6 48. Bf6 Bf5 49. Rb8 Kd5 50. Rh8 Bg4 51. Rh7 Rf3
52. Bg5 c4 53. Rh6 Rd3+ 54. Kc1 Rh3 55. Kb2 Bd1 56. Kc1 Rh1 57. Kd2 Bf3 58.
Rh8 Rh3 59. Rd8+ Ke5 60. Re8+ Kd4 61. Bf6+ Kc5 62. Re3 Rh2+ 63. Kc3 Bd5 64.
Be7+ Kc6 65. Bg5 Ra2 66. Kd4 Rd2+ 67. Kc3 Rd1 68. Re8 Rd3+ 69. Kc2 Rh3 70. Re3
{#d} 1/2-1/2

[Event "Brambles Administration Ltd. Hampstead "]
[Site "?"]
[Date "2014.12.22"]
[Round "8"]
[White "Willmoth, Robert F"]
[Black "Vakhidov, Jahongir"]
[Result "0-1"]
[WhiteElo "2182"]
[BlackElo "2502"]

1. Nf3 g6 2. d4 Bg7 3. g3 Nf6 4. Bg2 O-O 5. O-O d6 6. c4 Nbd7 7. Nc3 e5 8. e4
exd4 9. Nxd4 Re8 10. Re1 a6 11. h3 Rb8 12. Be3 Ne5 13. Qe2 Bd7 14. Rad1 Qc8
15. Kh2 c5 16. Nc2 b5 17. cxb5 axb5 18. Bg5 b4 19. Bxf6 Bxf6 20. Nd5 Bg7 21.
Nce3 b3 22. Nc3 bxa2 23. Rxd6 Nc6 24. Ra1 Nd4 25. Qc4 Rxb2 26. Rxa2 Rxa2 27.
Qxa2 Bc6 28. Ned5 Kh8 29. Nf6 Re6 30. Rxe6 fxe6 31. Ng4 Qb7 32. Qa5 Qe7 33. h4
h5 34. Ne3 Qf6 35. Qxc5 Qxf2 36. Ncd1 Qd2 37. Kh3 Qd3 38. Bf1 Qxe4 39. Bg2 Nf3
40. Nf2 Ng1+ 41. Kh2 Nf3+ 42. Kh3 Qa4 43. Bxf3 Bxf3 44. Qc8+ Kh7 45. Qxe6 Ba8
46. Kh2 Qd4 47. Kg1 Qa1+ 48. Nf1 Qa7 49. Nd2 Bd4 50. Qe2 Qb7 51. Kf1 Qg2+ 52.
Ke1 Qg1+ 53. Nf1 Bg2 54. Nd1 Bxf1 55. Qxf1 Qxg3+ 56. Ke2 Qxh4 57. Qf7+ Kh6 58.
Qf8+ Bg7 59. Qd6 Qe4+ 60. Kf1 Bd4 61. Qf8+ Kg5 62. Qd8+ Kg4 63. Nf2+ Bxf2 64.
Kxf2 Kh3 65. Qh8 Qg2+ 66. Ke3 h4 67. Kd3 g5 68. Kc4 Qc2+ 69. Kb5 g4 70. Qe5 g3
71. Qe1 Qb3+ 72. Ka6 g2 73. Qg1 Qf3 74. Ka7 Kg3 75. Qc1 Qf2+ {#R} 0-1

[Event "Brambles Administration Ltd. Hampstead M"]
[Site "London, England"]
[Date "2014.12.21"]
[Round "7"]
[White "Fodor, Tamas Jr"]
[Black "Lalic, Bogdan"]
[Result "1/2-1/2"]
[WhiteElo "2499"]
[BlackElo "2479"]

1. d4 Nf6 2. c4 g6 3. Nc3 d5 4. Bg5 Ne4 5. Bh4 Nxc3 6. bxc3 dxc4 7. e3 Be6 8.
Nf3 Bg7 9. Rb1 Nd7 10. Ng5 Bd5 11. e4 h6 12. exd5 hxg5 13. Bxg5 Nb6 14. Bxc4
Qd6 15. h3 Kf8 16. Qb3 c5 17. O-O cxd4 18. Rfe1 Bf6 19. Bxf6 exf6 20. cxd4 Kg7
21. Be2 Rhe8 22. Bf3 Rxe1+ 23. Rxe1 Rd8 24. Rc1 Qf4 25. Qe3 Nxd5 26. Qxf4 Nxf4
27. d5 Rd7 28. Rd1 f5 29. h4 Kf6 30. g3 Nh5 31. d6 Ng7 32. Bxb7 Rxb7 33. d7
Ne6 34. d8=Q+ Nxd8 35. Rxd8 Rb6 36. Rd4 Ra6 37. a4 Rc6 38. Kg2 Ke5 39. Rb4 a6
40. Rb7 Rc4 41. f4+ Kd6 42. Rxf7 Ke6 43. Rh7 Rxa4 44. Rh6 Kf7 45. h5 gxh5 46.
Kh3 Ra1 47. Kh4 Rh1+ 48. Kg5 Rh3 {#d} 1/2-1/2

[Event "Brambles Administration Ltd. Hampstead M"]
[Site "London, England"]
[Date "2014.12.21"]
[Round "7"]
[White "Fier, Alexandr"]
[Black "Eggleston, David J"]
[Result "1-0"]
[WhiteElo "2592"]
[BlackElo "2416"]

1. d4 Nf6 2. c4 e6 3. Nc3 Bb4 4. e3 O-O 5. Nge2 d5 6. a3 Bd6 7. Ng3 c5 8. dxc5
Bxc5 9. b4 Be7 10. cxd5 exd5 11. Bd3 Nc6 12. Nce2 a5 13. b5 Ne5 14. Bb2 Nc4
15. Bc3 a4 16. O-O Bg4 17. h3 Be6 18. Nd4 g6 19. Qb1 Nxa3 20. Rxa3 Bxa3 21.
Bxg6 hxg6 22. Nxe6 Qc8 23. Nxf8 Qxc3 24. Nxg6 fxg6 25. Qxg6+ Kh8 26. Ne2 Qe5
27. Nf4 Rg8 28. Qh6+ Nh7 29. Rd1 Bb2 30. Ng6+ Rxg6 31. Qxg6 a3 32. Qg4 Qc7 33.
Qa4 Nf6 34. g4 Qf7 35. f3 Qe7 36. Kf2 Qc7 37. Kg2 Qf7 38. Qb3 Qg6 39. Rd2 Qb1
40. g5 Ng8 41. Rxd5 Qg6 42. h4 Qf7 43. e4 Kh7 44. Qc2 Ne7 45. Rd7 Bg7 46. Rxb7
Be5 47. Ra7 Bd4 48. Rd7 a2 49. Rxe7 Qxe7 50. Qxa2 Ba7 51. Qd5 Qc7 52. Qf5+ Kg8
53. Qg6+ Kf8 54. Qf6+ Kg8 55. g6 Bb8 56. e5 Qc2+ 57. Kg3 Qc7 58. f4 Qc3+ 59.
Kg4 Qc8+ 60. e6 Qe8 61. Qf7+ Qxf7 62. gxf7+ Kg7 63. b6 Bd6 64. b7 Bb8 65. h5
Bd6 66. h6+ Kf8 67. h7 Kg7 68. e7 Bxe7 69. b8=Q {#r} 1-0

[Event "Brambles Administration Ltd. Hampstead M"]
[Site "London, England"]
[Date "2014.12.23"]
[Round "9"]
[White "Fier, Alexandr"]
[Black "Kirk, Ezra"]
[Result "1-0"]
[WhiteElo "2592"]
[BlackElo "2308"]

1. d4 Nf6 2. c4 g6 3. Nc3 Bg7 4. e4 d6 5. Be2 O-O 6. Bg5 Na6 7. f4 c6 8. Qd2
Nc7 9. Bf3 Ne6 10. Bh4 c5 11. dxc5 Nxc5 12. Nge2 Be6 13. b3 Nfxe4 14. Qe3 Nxc3
15. Nxc3 Qb6 16. Rc1 Rfe8 17. Bf2 Bf5 18. g4 Bd7 19. Nd5 Qd8 20. Bh4 Bf6 21.
g5 Bg7 22. O-O Bc6 23. Bg2 Bxd5 24. cxd5 a5 25. f5 Qb6 26. fxg6 hxg6 27. Bf2
a4 28. Qf4 Rf8 29. b4 Be5 30. Qg4 Rac8 31. bxc5 dxc5 32. Qxa4 Qd6 33. h4 Kg7
34. Qe4 Rh8 35. Bh3 Bh2+ 36. Kg2 Ra8 37. a4 b5 38. Qf3 f6 39. Bxc5 {#r} 1-0